[Event "FICGS rapid A 000115 email"]
[Site "FICGS email"]
[Date "2011.09.25"]
[Round "1"]
[White "Lopez, Jose Martin"]
[Black "Domingo Gadea, Jordi"]
[Result "1-0"]
[WhiteElo "2042"]
[BlackElo "1961"]
[PlyCount "65"]
[EventDate "2011.??.??"]
[EventType "tourn (rapid)"]
[EventRounds "6"]
[SourceTitle "Corr 2013"]
[Source "ChessBase"]
[SourceDate "2012.11.12"]
[SourceVersion "1"]
[SourceVersionDate "2012.11.12"]
[SourceQuality "1"]

1. e4 e5 2. Nf3 d6 3. d4 exd4 4. Nxd4 Nf6 5. Nc3 Be7 6. Bf4 0-0 7. Qd2 a6 8. 0-0-0 b5 9. Be2 b4 10. Nd5 Nxd5 11. exd5 a5 12. g4 Bf6 13. h4 Re8 14. Rde1 Bxd4 15. Qxd4 Ba6 16. Bf3 Nd7 17. g5 Rxe1+ 18. Rxe1 Qf8 19. h5 Re8 20. Rxe8 Qxe8 21. Be3 Ne5 22. Bd1 Bb7 23. h6 gxh6 24. gxh6 f6 25. b3 Kf8 26. Kb1 Qe7 27. Be2 Ke8 28. Bh5+ Kd7 29. f4 Nf7 30. Bg4+ Ke8 31. Be6 c5 32. Qd1 Kf8 33. f5 1-0

[Event "FICGS rapid A 000109 email"]
[Site "FICGS email"]
[Date "2011.07.06"]
[Round "1"]
[White "Domingo Gadea, Jordi"]
[Black "Lopez, Jose Martin"]
[Result "1/2-1/2"]
[WhiteElo "1920"]
[BlackElo "2000"]
[PlyCount "106"]
[EventDate "2011.??.??"]
[EventType "tourn (rapid)"]
[EventRounds "6"]
[SourceTitle "Corr 2013"]
[Source "ChessBase"]
[SourceDate "2012.11.12"]
[SourceVersion "1"]
[SourceVersionDate "2012.11.12"]
[SourceQuality "1"]

1. e4 c5 2. Nf3 Nc6 3. d4 cxd4 4. Nxd4 Nf6 5. Nc3 e5 6. Ndb5 d6 7. Bg5 a6 8. Na3 b5 9. Nd5 Be7 10. Bxf6 Bxf6 11. c4 b4 12. Nc2 a5 13. g3 0-0 14. Bg2 Bg5 15. 0-0 Ne7 16. Nce3 Be6 17. Qd3 Bxd5 18. Nxd5 Nxd5 19. Qxd5 Rc8 20. b3 Rc5 21. Qd3 Qc7 22. Rfd1 Be7 23. a3 bxa3 24. Rxa3 h5 25. h4 Rb8 26. Rda1 Bd8 27. Rd1 Rc6 28. Qd5 Qb7 29. Rd3 Bb6 30. Ra2 Bd4 31. Rxa5 Qc7 32. Rf3 Rc5 33. Rxc5 dxc5 34. Bh3 Rf8 35. Kg2 Qe7 36. Qd7 Qxd7 37. Bxd7 f6 38. Be6+ Kh7 39. Bd5 g6 40. Rd3 Rc8 41. Kh3 Rc7 42. g4 hxg4+ 43. Kxg4 Ra7 44. f4 Ra1 45. f5 Rg1+ 46. Rg3 gxf5+ 47. exf5 Re1 48. Kh5 e4 49. Bf7 e3 50. Rg2 Rf1 51. Bg8+ Kh8 52. Bd5 Kh7 53. Bg8+ Kh8 1/2-1/2

[Event "FICGS rapid A 000109 email"]
[Site "FICGS email"]
[Date "2011.07.06"]
[Round "1"]
[White "Velasco, Josep"]
[Black "Lopez, Jose Martin"]
[Result "0-1"]
[WhiteElo "1948"]
[BlackElo "2000"]
[PlyCount "92"]
[EventDate "2011.??.??"]
[EventType "tourn (rapid)"]
[EventRounds "6"]
[SourceTitle "Corr 2013"]
[Source "ChessBase"]
[SourceDate "2012.11.12"]
[SourceVersion "1"]
[SourceVersionDate "2012.11.12"]
[SourceQuality "1"]

1. d4 Nf6 2. c4 e6 3. Nf3 d5 4. Nc3 c6 5. e3 Nbd7 6. Qc2 Bd6 7. Bd3 0-0 8. 0-0 dxc4 9. Bxc4 b5 10. Be2 Bb7 11. a3 a6 12. e4 e5 13. Rd1 exd4 14. Nxd4 Qc7 15. g3 Rfe8 16. Bf3 Be5 17. Nf5 g6 18. Nh6+ Kg7 19. Bg2 c5 20. Bg5 Bd4 21. Kh1 Rac8 22. Rac1 Nb6 23. b3 Qe5 24. Bf4 Qh5 25. Kg1 Be5 26. Bxe5 Rxe5 27. Nxf7 Kxf7 28. f4 Re7 29. e5 Ne8 30. Bxb7 Rxb7 31. a4 bxa4 32. bxa4 a5 33. Rb1 Kg8 34. Nd5 Nxd5 35. Rxb7 Ne3 36. Qa2+ c4 37. Re1 Qf3 38. Rb5 Nf5 39. Qf2 Qd3 40. Rc5 Rc7 41. Rxc7 Nxc7 42. Qc5 Ne6 43. Qxa5 Nfd4 44. Qa6 Kg7 45. Qd6 Kh6 46. Rf1 c3 0-1